Top 100 Baby Girl Names in 1950 (USA) - Statistics

General Stats
  • This quiz has been taken 320 times
  • The average score is 62 of 100
Answer Stats
Hint Answer % Correct
M Marie
97%
M Mary
97%
A Anne
92%
P Patricia
90%
L Linda
89%
J Jean
88%
A Ann
87%
S Susan
87%
C Cathy
86%
K Kathy
86%
S Sue
86%
B Barbara
85%
J Jo
85%
E Elizabeth
83%
K Kathryn
83%
C Carol
82%
C Catherine
82%
J Jane
82%
K Katherine
82%
N Nancy
82%
S Sarah
82%
D Debra
80%
M Margaret
76%
K Karen
75%
S Sandra
75%
V Vicki
75%
V Victoria
75%
D Diana
74%
D Diane
74%
D Dianne
74%
J Janet
74%
P Pamela
74%
M Maria
73%
D Donna
72%
J Joan
72%
K Kathleen
72%
L Laura
72%
D Dorothy
71%
F Frances
71%
R Rose
71%
B Betty
70%
C Christine
70%
H Helen
70%
J Jeanne
70%
J Judith
70%
J Judy
70%
P Paula
70%
A Anna
69%
B Brenda
69%
S Sharon
69%
R Rebecca
67%
R Ruth
66%
E Ellen
65%
E Evelyn
65%
J Joann
65%
J Joanne
65%
T Teresa
62%
T Theresa
62%
M Martha
61%
A Alice
60%
D Doris
60%
C Cynthia
59%
D Deborah
59%
W Wanda
56%
J Janice
55%
J Joyce
52%
J Jacqueline
51%
B Bonnie
50%
C Cheryl
50%
D Denise
50%
C Carolyn
48%
C Charlotte
48%
S Sally
48%
G Gloria
47%
S Shirley
47%
I Irene
43%
L Lynn
43%
V Virginia
43%
C Connie
39%
C Constance
39%
E Elaine
39%
P Peggy
39%
M Maureen
38%
S Sheila
38%
M Marilyn
37%
B Beverly
36%
L Lois
36%
S Suzanne
36%
S Sylvia
35%
S Sherry
34%
E Eileen
33%
P Phyllis
33%
R Rita
33%
R Roberta
31%
M Marcia
30%
M Marsha
30%
D Darlene
28%
A Anita
27%
G Gail
27%
G Glenda
25%
No matching quizzes found
Score Distribution
Percent of People with Each Score
Percentile by Number Answered
Your Score History
You have not taken this quiz